'COEXIST' Symbols Quiz Stats

 Plays Quiz Updated May 19, 2018

Also try: Religious Mugs
Challenge
Share
Tweet
Score 0/7 Timer 01:00
4 Plays Today
% Correct
Symbol for Male|Female
94.2%
Star of David
93.8%
Star and Crescent
93.7%
Christian Cross (Latin Cross)
93.2%
Peace Sign
91.4%
Taijitu (Yin and Yang)
89.7%
Pagan|Wicca
84.6%

You're not logged in!

Compare scores with friends on all Sporcle quizzes.
OR
Log In

You Might Also Like...

Show Comments

Extras

Top Quizzes Today


Score Distribution

Your Account Isn't Verified!

In order to create a playlist on Sporcle, you need to verify the email address you used during registration. Go to your Sporcle Settings to finish the process.

Report this User

Report this user for behavior that violates our Community Guidelines.

Details: